| 000 -CABECERA |
| Longitud fija campo de control |
00722nam a2200205 a 4500 |
| 001 - NÚMERO DE CONTROL |
| Número de control |
1670 |
| 003 - IDENTIFICADOR DEL NÚMERO DE CONTROL |
| Identificador del número de control |
CDMR |
| 005 - FECHA Y HORA DE LA ÚLTIMA TRANSACCIÓN |
| Fecha y hora de la última transacción |
20190913145056.0 |
| 008 - CÓDIGOS DE INFORMACIÓN DE LONGITUD FIJA |
| Códigos de información de longitud fija |
130130s2000||||sp g||||||||||||||||cat|d |
| 020 ## - NÚMERO INTERNACIONAL NORMALIZADO PARA LIBROS |
| Número Internacional Normalizado para Libros (ISBN) |
8469925741 |
| 040 ## - FUENTE DE LA CATALOGACIÓN |
| Centro catalogador de origen |
CDMR |
| Lengua de catalogación |
cat |
| Centro transcriptor |
CDMR |
| 240 ## - TÍTULO UNIFORME |
| Título uniforme |
<a href="Informe de la comunicació a Catalunya">Informe de la comunicació a Catalunya</a> |
| Número de control del registro de autoridad |
3996 |
| 245 00 - MENCIÓN DE TÍTULO |
| Título |
Informe de la comunicació a Catalunya 2000 |
| Mención de responsabilidad, etc. |
Maria Corominas, Miquel de Moragas Spà (eds.) |
| 260 ## - PUBLICACIÓN, DISTRIBUCIÓN, ETC. (PIE DE IMPRENTA) |
| Lugar de publicación, distribución, etc. |
Bellaterra |
| Fecha de publicación, distribución, etc. |
2000 |
| Nombre del editor, distribuidor, etc. |
Institut de la Comunicació de la Universitat Autònoma de Barcelona |
| 300 ## - DESCRIPCIÓN FÍSICA |
| Extensión |
397 p. |
| 700 1# - PUNTO DE ACCESO ADICIONAL - NOMBRE DE PERSONA |
| 9 (RLIN) |
2139 |
| Nombre de persona |
Corominas, Maria |
| 700 1# - PUNTO DE ACCESO ADICIONAL - NOMBRE DE PERSONA |
| 9 (RLIN) |
475 |
| Nombre de persona |
Moragas Spà, Miquel de |
| 710 2# - PUNTO DE ACCESO ADICIONAL - NOMBRE DE ENTIDAD |
| 9 (RLIN) |
1253 |
| Nombre de entidad o nombre de jurisdicción como elemento inicial |
Universitat Autònoma de Barcelona |
| Unidad subordinada |
-- Institut de la Comunicació |
| 942 ## - ENTRADA DE ELEMENTOS AGREGADOS (KOHA) |
| Koha [por defecto] tipo de item |
Monografies |
| Fuente de clasificaión o esquema |
|